Стеатитовая керамика на алгуйском тальке; Химия и химическая технология; Вып. 1

Bibliographic Details
Parent link:Химия и химическая технология: сборник трудов молодых ученых/ Томский политехнический институт ; под ред. В. П. Лопатинского.— , 1973
Вып. 1.— 1973.— С. 90-92
Main Author: Усов П. Г. Петр Григорьевич
Other Authors: Гурина В. Н.
Language:Russian
Published: 1973
Subjects:
Format: Book Chapter
KOHA link:https://koha.lib.tpu.ru/cgi-bin/koha/opac-detail.pl?biblionumber=595120

MARC

LEADER 00000naa2a2200000 4500
001 595120
005 20231101131837.0
035 |a (RuTPU)RU\TPU\tpu\14350 
090 |a 595120 
100 |a 20080617a1973 k y0rusy50 ca 
101 0 |a rus 
102 |a RU 
200 1 |a Стеатитовая керамика на алгуйском тальке  |f П. Г. Усов, В. Н. Гурина 
461 0 |0 (RuTPU)RU\TPU\retro\35395  |t Химия и химическая технология  |o сборник трудов молодых ученых  |f Томский политехнический институт ; под ред. В. П. Лопатинского  |d 1973 
463 0 |0 (RuTPU)RU\TPU\retro\35396  |t Вып. 1  |f под ред. В. П. Лопатинского  |v С. 90-92  |d 1973  |p 298 с. 
610 1 |a труды учёных ТПУ 
700 1 |a Усов  |b П. Г.  |c химик  |c профессор Томского политехнического института, доктор технических наук  |f 1905-1977  |g Петр Григорьевич  |2 stltpush  |3 (RuTPU)RU\TPU\pers\7821 
701 1 |a Гурина  |b В. Н. 
801 1 |a RU  |b 63413507  |c 20080617  |g PSBO 
801 2 |a RU  |b 63413507  |c 20230425  |g RCR 
942 |c BK